| 000 | 00370nam a2200145Ia 4500 | ||
|---|---|---|---|
| 008 | 210716s2015 xx 000 0 und d | ||
| 020 | _a9780198081937 | ||
| 041 | _aeng | ||
| 082 | _a621.3822 RAWT | ||
| 100 | _aRawat, Tarun Kumar. | ||
| 245 | _aDigital signal processing. | ||
| 250 | _a1 | ||
| 260 |
_aNew Delhi _bOxford University Press _c2015 |
||
| 300 | _axxvi,1072 | ||
| 999 |
_c185274 _d185274 |
||